តើមានខ្លាឃ្មុំនៅអាព្រិចទេ ? / (Record no. 1641)
[ view plain ]
| 000 -LEADER | |
|---|---|
| fixed length control field | 01440nam a22002897a 4500 |
| 001 - CONTROL NUMBER | |
| control field | 1641 |
| 003 - CONTROL NUMBER IDENTIFIER | |
| control field | FISKH |
| 005 - DATE AND TIME OF LATEST TRANSACTION | |
| control field | 20230912132338.0 |
| 008 - FIXED-LENGTH DATA ELEMENTS--GENERAL INFORMATION | |
| fixed length control field | 230912b cb ||||| |||| 00| 0 khr d |
| 020 ## - INTERNATIONAL STANDARD BOOK NUMBER | |
| International Standard Book Number | 9789924341536 |
| 040 ## - CATALOGING SOURCE | |
| Original cataloging agency | FISKH |
| Language of cataloging | eng |
| Transcribing agency | FISKH |
| Modifying agency | FISKH |
| 082 ## - DEWEY DECIMAL CLASSIFICATION NUMBER | |
| Classification number | 277.3 |
| 100 ## - MAIN ENTRY--PERSONAL NAME | |
| Personal name | Ichikawa, Satomi |
| 245 ## - TITLE STATEMENT | |
| Title | តើមានខ្លាឃ្មុំនៅអាព្រិចទេ ? / |
| Statement of responsibility, etc. | និពន្ធនិងគូររូបដោយ សាតូមិ អ៊ិជិកាវ៉ា - បកប្រែពីភាសាបារាំងដោយ អ៊ុំ វ័ណថាវី |
| 260 ## - PUBLICATION, DISTRIBUTION, ETC. | |
| Place of publication, distribution, etc. | Paris : |
| Name of publisher, distributor, etc. | Sipar, |
| Date of publication, distribution, etc. | 2022. |
| 300 ## - PHYSICAL DESCRIPTION | |
| Extent | 35 pages : |
| Other physical details | color illustrations ; |
| Dimensions | 20 cm |
| 490 ## - SERIES STATEMENT | |
| Series statement | តស់អាន! |
| 505 ## - FORMATTED CONTENTS NOTE | |
| Formatted contents note | J<br/> |
| 520 ## - SUMMARY, ETC. | |
| Summary, etc. | ក្មេងស្រីទេសចរណ៍ម្នាក់មកលេងអាព្រិច ហើយភ្លេចសត្វមួយ។ នៅលើវាលស្មោង សត្វតូចនោះចម្លែកណាស់។ |
| 520 ## - SUMMARY, ETC. | |
| Summary, etc. | A tourist girl visits Africa and forgets about an animal. On the grass, the little beast is very strange. |
| 521 8# - TARGET AUDIENCE NOTE | |
| Target audience note | 500<br/> |
| Source | Lexile estimate <br/> |
| 521 8# - TARGET AUDIENCE NOTE | |
| Target audience note | J<br/> |
| Source | Raz-Plus <br/> |
| 650 ## - SUBJECT ADDED ENTRY--TOPICAL TERM | |
| Topical term or geographic name entry element | ទេសចរណ៍ |
| Form subdivision | បាត់បង់ |
| General subdivision | អាព្រិច |
| 650 ## - SUBJECT ADDED ENTRY--TOPICAL TERM | |
| Topical term or geographic name entry element | Tourist |
| Form subdivision | Losing |
| General subdivision | Africa |
| 700 ## - ADDED ENTRY--PERSONAL NAME | |
| Personal name | Ichikawa, Satomi |
| Relator term | illustrator |
| 942 ## - ADDED ENTRY ELEMENTS (KOHA) | |
| Source of classification or shelving scheme | Dewey Decimal Classification |
| Koha item type | Khmer Books |
| Suppress in OPAC | No |
| Withdrawn status | Lost status | Source of classification or shelving scheme | Damaged status | Not for loan | Collection | Home library | Current library | Shelving location | Date acquired | Total Checkouts | Full call number | Barcode | Date last seen | Date last checked out | Copy number | Price effective from | Koha item type |
|---|---|---|---|---|---|---|---|---|---|---|---|---|---|---|---|---|---|
| Dewey Decimal Classification | Khmer Language Books / សៀវភៅភាសាខ្មែរ | Footprints International School Library Network Toul Kork Campus | Footprints International School Library Network Toul Kork Campus | TK Campus, Room B402, Khmer Book Case 16, Shelves 112-123 / ទូរសៀវភៅខ្មែរលេខ ១៦ ធ្នើរ ១១២ ដល់ ១២៣ បន្ទប់ B402 សាខាទួលគោក | 09/12/2023 | 2 | ICH 277.3 | 2023-0591 | 08/29/2025 | 08/07/2025 | 1 | 09/12/2023 | Khmer Books | ||||
| Dewey Decimal Classification | Khmer Language Books / សៀវភៅភាសាខ្មែរ | Footprints International School Library Network Toul Kork Campus | Footprints International School Library Network Toul Kork Campus | TK Campus, Room B402, Khmer Book Case 16, Shelves 112-123 / ទូរសៀវភៅខ្មែរលេខ ១៦ ធ្នើរ ១១២ ដល់ ១២៣ បន្ទប់ B402 សាខាទួលគោក | 09/12/2023 | 1 | ICH 277.3 | 2023-0592 | 06/09/2025 | 12/03/2024 | 2 | 09/12/2023 | Khmer Books |
